Fallen Heroes : (Record no. 521693)

000 -LEADER
fixed length control field 00260nam a22000977a 4500
082 ## - DEWEY DECIMAL CLASSIFICATION NUMBER
Classification number TNC OA1x54 T254
100 ## - MAIN ENTRY--PERSONAL NAME
Personal name Tehelka. Com
9 (RLIN) 35859
245 ## - TITLE STATEMENT
Title Fallen Heroes :
Remainder of title The Story That Shook The Nation
260 ## - PUBLICATION, DISTRIBUTION, ETC. (IMPRINT)
Place of publication, distribution, etc New Delhi
Name of publisher, distributor, etc Buffalo Books
Date of publication, distribution, etc 2000
300 ## - PHYSICAL DESCRIPTION
Extent 496p.
Holdings
Withdrawn status Lost status Source of classification or shelving scheme Damaged status Koha normalized classification for sorting Not for loan Permanent location Current location Date acquired Full call number Barcode Date last seen Price effective from Koha item type
        TNC_OA1X54_T254   Indian Institute of Public Administration Indian Institute of Public Administration 2023-02-23 TNC OA1x54 T254 GR24213 2023-02-23 2023-02-23 GR

Powered by Koha